| 000 | 00768nam a22002177a 4500 | ||
|---|---|---|---|
| 999 |
_c17508 _d17508 |
||
| 003 | AR-CdUCM | ||
| 008 | 190313b ||||| |||| 00| 0 spa d | ||
| 040 |
_aMUNICIPALIDAD PROVINCIAL DEL CUSCO _cBIBLIOTECA MUNICIPAL DEL CUSCO |
||
| 082 |
_a398.985 / _bB72 |
||
| 100 |
_aBonilla del Valle, Ernesto _917684 |
||
| 245 |
_aJauja : _bEstampas de folklore / |
||
| 260 |
_aBuenos Aires : _bImprenta López, _c1946. |
||
| 300 |
_a180 páginas ; _bIlustraciones, _c23 cm. |
||
| 505 | _aContenido : La terapéutica de los indios -- La cosecha del trigo -- Tardes de taita paca.. | ||
| 650 |
_aFolklore _91081 |
||
| 650 |
_aCostumbrismo Junín _917686 |
||
| 650 |
_aRelatos _9195 |
||
| 700 |
_aMiró Quesada Sosa, Aurelio _9616 |
||
| 942 |
_2ddc _cLIBROS |
||
| 945 | _arcc | ||